000 00531nam a2200157Ia 4500
008 200302s9999 xx 000 0 und d
020 _a9780128143483
100 _aKallner, Anders
245 _cAnders Kallner.--
_aLaboratory statistics :
_bmethods in chemistry and health sciences /
250 _a2nd
260 _aUnited States:
_bElsevier
_c2018
300 _axiv, 159 pages :
_bblack and white illustrations;
_c23 cm
500 _aIncludes index.
650 _aMathematical notation.
650 _aMathematics -- Terminology.
999 _c363049
_d363049